000 00265nam a22001097a 4500
999 _c153855
_d153855
082 _a
_b
100 _aChacko Chemmanam
245 _akinjanavarthamaanam/
_cby Chacko Chemmanam
260 _aThrissur:
_bKerala Sahithya Akademi,
_c2010.
650 _a
942 _cBK